El amante de Lady Chatterley / (Record no. 2376)

MARC details
000 -CABECERA
campo de control de longitud fija 00579nam a2200193 a 4500
005 - FECHA Y HORA DE LA ÚLTIMA TRANSACCIÓN
campo de control 20230310063603.0
008 - ELEMENTOS DE LONGITUD FIJA--INFORMACIÓN GENERAL
campo de control de longitud fija 991125s1979 mx 000 0 spa u
020 ## - NÚMERO INTERNACIONAL NORMALIZADO PARA LIBROS
Número Internacional Estándar del Libro 9683400884
035 ## - NÚMERO DE CONTROL DEL SISTEMA
Número de control de sistema UPN01000002376
049 ## - COLECCIÓN
Colección CG
050 #4 - SIGNATURA TOPOGRÁFICA DE LA BIBLIOTECA DEL CONGRESO
Número de clasificación PN6019 G7
Número de documento/Ítem L3.38
100 1# - ASIENTO PRINCIPAL--NOMBRE PERSONAL
Nombre de persona Lawrence, David Herbert,
Fechas asociadas al nombre 1885-1930
9 (RLIN) 28963
245 13 - MENCIÓN DE TÍTULO
Título El amante de Lady Chatterley /
Mención de responsabilidad, etc. D. H. Lawrence ; tr. José Antonio Ariztegui.
260 ## - PUBLICACIÓN, DISTRIBUCIÓN, ETC.
Lugar de publicación, distribución, etc. México :
Nombre del editor, distribuidor, etc. PROMEXA,
Fecha de publicación, distribución, etc. 1979.
300 ## - DESCRIPCIÓN FÍSICA
Extensión xiv, 322 p.
440 #4 - MENCIÓN DE SERIE/ASIENTO SECUNDARIO--TÍTULO
Título Las grandes obras del siglo veinte
650 #4 - ASIENTO SECUNDARIO DE MATERIA - TERMINO TEMATICO
Término de materia o nombre geográfico como elemento de entrada Novela inglesa
9 (RLIN) 4471
905 ## - TIPO DE MATERIAL
Tipo de material Libro
Holdings
Estado de retiro Estado de pérdida Fuente del sistema de clasificación o colocación Estado dañado No para préstamo Código de colección Localización permanente Ubicación/localización actual Ubicación en estantería Total de préstamos Clasificación Código de barras Fecha visto por última vez Número de copia Tipo de ítem Koha
    Library of Congress Classification     Colección General Bib. Gregorio Torres Quintero Bib. Gregorio Torres Quintero Planta baja 4 PN6019 G7 L3.38 46565 31/12/2020 1 Libro